[Event "FICGS rapid D 000099 email"]
[Site "FICGS email"]
[Date "2016.04.03"]
[Round "1"]
[White "Klawitter, Bernd"]
[Black "Simonnet, Franck"]
[Result "0-1"]
[WhiteElo "1342"]
[BlackElo "1453"]
[PlyCount "24"]
[EventDate "2016.??.??"]
[EventType "tourn (rapid)"]
[EventRounds "5"]
[SourceTitle "Corr 2022"]
[Source "ChessBase"]
[SourceDate "2021.10.24"]
[SourceVersion "1"]
[SourceVersionDate "2021.10.24"]
[SourceQuality "1"]

1. d4 d5 2. c4 dxc4 3. e4 e5 4. Nf3 Nf6 5. Bg5 exd4 6. e5 h6 7. exf6 hxg5 8. Bxc4 Qxf6 9. 0-0 g4 10. Re1+ Be7 11. Ne5 0-0 12. Nxg4 Qd6 0-1

[Event "FICGS rapid E 000164 email"]
[Site "FICGS email"]
[Date "2015.12.04"]
[Round "1"]
[White "Benone, Mateia"]
[Black "Simonnet, Franck"]
[Result "0-1"]
[WhiteElo "990"]
[BlackElo "1491"]
[PlyCount "42"]
[EventDate "2015.??.??"]
[EventType "tourn (rapid)"]
[EventRounds "6"]
[SourceTitle "Corr 2022"]
[Source "ChessBase"]
[SourceDate "2021.10.24"]
[SourceVersion "1"]
[SourceVersionDate "2021.10.24"]
[SourceQuality "1"]

1. Nf3 f5 2. d4 Nf6 3. c4 g6 4. g3 Bg7 5. Bg2 0-0 6. 0-0 e6 7. Nc3 d6 8. b3 Nbd7 9. Ba3 Nb6 10. Re1 Re8 11. e4 d5 12. e5 Ne4 13. Nxe4 fxe4 14. Nd2 Bd7 15. c5 Nc8 16. f3 exf3 17. Nxf3 c6 18. Qd2 b5 19. b4 Ne7 20. Bb2 Nf5 21. a4 a6 0-1

[Event "FICGS rapid E 000164 email"]
[Site "FICGS email"]
[Date "2015.12.04"]
[Round "1"]
[White "Klawitter, Bernd"]
[Black "Simonnet, Franck"]
[Result "0-1"]
[WhiteElo "1466"]
[BlackElo "1491"]
[PlyCount "134"]
[EventDate "2015.??.??"]
[EventType "tourn (rapid)"]
[EventRounds "6"]
[SourceTitle "Corr 2022"]
[Source "ChessBase"]
[SourceDate "2021.10.24"]
[SourceVersion "1"]
[SourceVersionDate "2021.10.24"]
[SourceQuality "1"]

1. d4 f5 2. c3 Nf6 3. Qb3 e6 4. Bg5 Be7 5. Nd2 0-0 6. e3 d5 7. Bd3 Nbd7 8. Ngf3 c5 9. Bb1 b6 10. 0-0 Qe8 11. Bxf6 Nxf6 12. Ne5 g5 13. f4 g4 14. a4 Kh8 15. Qd1 a5 16. b3 h5 17. c4 h4 18. Re1 Qh5 19. Bd3 Bb7 20. Bf1 Kg7 21. Ra2 Rh8 22. Re2 Rad8 23. Nb1 Qh6 24. Nc3 Nh5 25. Rec2 Qf6 26. Nxg4 fxg4 27. Qxg4+ Kf7 28. Qd1 Rdg8 29. Kf2 cxd4 30. Qxd4 Qxd4 31. exd4 Nxf4 32. Ke1 Ke8 33. Kd1 Kd7 34. cxd5 exd5 35. Nb5 Rc8 36. Rf2 Rhf8 37. g3 hxg3 38. hxg3 Ne6 39. Bh3 Rxf2 40. Rxf2 Rc6 41. Na7 Kd6 42. Nxc6 Bxc6 43. Bxe6 Kxe6 44. Kd2 Bf6 45. Kd3 Be7 46. Rf3 b5 47. axb5 Bxb5+ 48. Kd2 Bf6 49. Ke3 a4 50. bxa4 Bxa4 51. Rf2 Bb5 52. Rf3 Bc4 53. Rf2 Bg5+ 54. Kf3 Bf6 55. Ke3 Bg5+ 56. Kf3 Kf5 57. g4+ Ke6 58. Kg3 Be3 59. Rf8 Bxd4 60. g5 Bg7 61. Rf2 d4 62. Kh4 d3 63. Kh5 Bd4 64. Rf4 Ke5 65. Rf8 d2 66. Re8+ Be6 67. g6 d1Q+ 0-1

[Event "FICGS rapid C 000128 email"]
[Site "FICGS email"]
[Date "2015.09.13"]
[Round "1"]
[White "Simonnet, Franck"]
[Black "Domingo Gadea, Jordi"]
[Result "0-1"]
[WhiteElo "1503"]
[BlackElo "1755"]
[PlyCount "26"]
[EventDate "2015.??.??"]
[EventType "tourn (rapid)"]
[EventRounds "4"]
[SourceTitle "Corr 2022"]
[Source "ChessBase"]
[SourceDate "2021.10.24"]
[SourceVersion "1"]
[SourceVersionDate "2021.10.24"]
[SourceQuality "1"]

1. d4 d5 2. Nf3 Nf6 3. Bf4 c5 4. dxc5 e6 5. b4 a5 6. Nc3 axb4 7. Nb5 Na6 8. Nd6+ Bxd6 9. cxd6 Ne4 10. e3 Nxd6 11. Qd4 f6 12. 0-0-0 Ne4 13. Bg3 Qa5 0-1

[Event "FICGS rapid C 000122 email"]
[Site "FICGS email"]
[Date "2015.01.23"]
[Round "1"]
[White "Simonnet, Franck"]
[Black "Faust, Dieter"]
[Result "0-1"]
[WhiteElo "1609"]
[BlackElo "1672"]
[PlyCount "54"]
[EventDate "2015.??.??"]
[EventType "tourn (rapid)"]
[EventRounds "4"]
[SourceTitle "Corr 2022"]
[Source "ChessBase"]
[SourceDate "2021.10.24"]
[SourceVersion "1"]
[SourceVersionDate "2021.10.24"]
[SourceQuality "1"]

1. d4 Nf6 2. Nf3 e6 3. e3 c5 4. Nbd2 Nc6 5. b3 cxd4 6. exd4 d5 7. Bb2 Bd6 8. Bd3 b6 9. Ne5 Bb7 10. 0-0 0-0 11. a3 Nd7 12. Qh5 g6 13. Qh3 Ndxe5 14. dxe5 Nxe5 15. Be2 Rc8 16. c4 dxc4 17. Nxc4 Nxc4 18. Bxc4 Qg5 19. Rad1 Rfd8 20. g3 Bc5 21. Rxd8+ Rxd8 22. b4 Bd4 23. Bc1 Bxf2+ 24. Kxf2 Qf6+ 25. Ke2 Qc3 26. Qg4 Bg2 27. Rf4 h5 0-1

[Event "FICGS rapid C 000121 email"]
[Site "FICGS email"]
[Date "2014.11.03"]
[Round "1"]
[White "Faust, Dieter"]
[Black "Simonnet, Franck"]
[Result "1-0"]
[WhiteElo "1662"]
[BlackElo "1592"]
[PlyCount "35"]
[EventDate "2014.??.??"]
[EventType "tourn (rapid)"]
[EventRounds "4"]
[SourceTitle "Corr 2022"]
[Source "ChessBase"]
[SourceDate "2021.10.24"]
[SourceVersion "1"]
[SourceVersionDate "2021.10.24"]
[SourceQuality "1"]

1. d4 Nf6 2. c4 c5 3. d5 b5 4. Nf3 d6 5. cxb5 a6 6. Nc3 axb5 7. Nxb5 g6 8. Nc3 Ba6 9. g3 Bg7 10. Bg2 0-0 11. 0-0 Nbd7 12. Qc2 Qb6 13. Rd1 Rab8 14. h3 c4 15. Nd4 Ng4 16. Na4 Qa7 17. e3 Nge5 18. Rb1 1-0

[Event "FICGS rapid C 000121 email"]
[Site "FICGS email"]
[Date "2014.11.03"]
[Round "1"]
[White "Simonnet, Franck"]
[Black "Fioravanti, Diego"]
[Result "0-1"]
[WhiteElo "1592"]
[BlackElo "1591"]
[PlyCount "54"]
[EventDate "2014.??.??"]
[EventType "tourn (rapid)"]
[EventRounds "4"]
[SourceTitle "Corr 2022"]
[Source "ChessBase"]
[SourceDate "2021.10.24"]
[SourceVersion "1"]
[SourceVersionDate "2021.10.24"]
[SourceQuality "1"]

1. d4 d5 2. Nf3 Nf6 3. e3 c5 4. b3 Nc6 5. Bb2 e6 6. Nbd2 Bd7 7. Bd3 Rc8 8. c4 cxd4 9. exd4 Bd6 10. c5 Bb8 11. 0-0 0-0 12. a3 Nh5 13. Re1 Nf4 14. Bf1 Qf6 15. Qc2 Ne7 16. g3 Nfg6 17. b4 h5 18. b5 h4 19. a4 Nf5 20. Ne5 Nxe5 21. dxe5 Qg6 22. Nb3 a6 23. Rac1 Ba7 24. Qd2 hxg3 25. fxg3 Nxg3 26. hxg3 Qxg3+ 27. Kh1 Qf3+ 0-1

[Event "FICGS rapid C 000121 email"]
[Site "FICGS email"]
[Date "2014.11.03"]
[Round "1"]
[White "Vollmer, Steve"]
[Black "Simonnet, Franck"]
[Result "1/2-1/2"]
[WhiteElo "1497"]
[BlackElo "1592"]
[PlyCount "94"]
[EventDate "2014.??.??"]
[EventType "tourn (rapid)"]
[EventRounds "4"]
[SourceTitle "Corr 2022"]
[Source "ChessBase"]
[SourceDate "2021.10.24"]
[SourceVersion "1"]
[SourceVersionDate "2021.10.24"]
[SourceQuality "1"]

1. Nf3 d5 2. d4 e6 3. g3 Nf6 4. Bg2 b5 5. 0-0 Bb7 6. a4 b4 7. Nbd2 Bd6 8. c4 bxc3 9. bxc3 c5 10. Bb2 0-0 11. c4 Nbd7 12. dxc5 Nxc5 13. Ne5 Rb8 14. Qc2 Qc7 15. Nd3 Nce4 16. Bxf6 gxf6 17. Rfc1 Rfc8 18. Nxe4 dxe4 19. Ne1 f5 20. f4 Qc5+ 21. Kh1 Qf2 22. Bh3 Ba6 23. Qc3 Qxe2 24. Rab1 Rxb1 25. Rxb1 Qxc4 26. Qf6 Bf8 27. Rd1 Qc7 28. Bxf5 exf5 29. Qxa6 e3 30. Rb1 Qc6+ 31. Qxc6 Rxc6 32. Nf3 Bd6 33. Nd4 Rc5 34. Re1 Rd5 35. Nc2 Bc5 36. Nxe3 Bxe3 37. Rxe3 Rd4 38. a5 Rd5 39. Re5 Rxe5 40. fxe5 f6 41. exf6 Kf7 42. Kg2 Kxf6 43. Kf3 Ke5 44. h3 a6 45. h4 h5 46. Ke3 Ke6 47. Kd4 Kd6 1/2-1/2

[Event "FICGS W-ch st1 g03 email"]
[Site "FICGS email"]
[Date "2014.11.01"]
[Round "1"]
[White "Dotti Contra, Alessandro"]
[Black "Simonnet, Franck"]
[Result "0-1"]
[WhiteElo "1115"]
[BlackElo "1592"]
[PlyCount "44"]
[EventDate "2014.??.??"]
[EventType "tourn (corr)"]
[EventRounds "8"]
[SourceTitle "Corr 2022"]
[Source "ChessBase"]
[SourceDate "2021.10.24"]
[SourceVersion "1"]
[SourceVersionDate "2021.10.24"]
[SourceQuality "1"]

1. e4 d6 2. d4 Nf6 3. Nc3 g6 4. f4 Bg7 5. Nf3 c5 6. dxc5 Qa5 7. Bd2 Qxc5 8. Qe2 0-0 9. 0-0-0 Nc6 10. h3 Be6 11. Kb1 Nh5 12. Be1 Bxc3 13. bxc3 Nxf4 14. Qf2 Qa3 15. c4 b5 16. Ng5 bxc4 17. c3 Rab8+ 18. Ka1 Na5 19. Bxc4 Bxc4 20. Qc2 Nb3+ 21. Kb1 Nd4+ 22. Ka1 Nxc2# 0-1

[Event "FICGS W-ch st1 g03 email"]
[Site "FICGS email"]
[Date "2014.11.01"]
[Round "1"]
[White "Simonnet, Franck"]
[Black "Ruzin, Mikhail"]
[Result "0-1"]
[WhiteElo "1592"]
[BlackElo "1877"]
[PlyCount "90"]
[EventDate "2014.??.??"]
[EventType "tourn (corr)"]
[EventRounds "8"]
[SourceTitle "Corr 2022"]
[Source "ChessBase"]
[SourceDate "2021.10.24"]
[SourceVersion "1"]
[SourceVersionDate "2021.10.24"]
[SourceQuality "1"]

1. d4 d5 2. Nf3 Nf6 3. e3 e6 4. Bd3 c5 5. b3 Nc6 6. Bb2 cxd4 7. exd4 Bd6 8. Nbd2 0-0 9. 0-0 Bd7 10. Ne5 Nb4 11. Be2 Qc7 12. c4 Nc6 13. f4 Be7 14. Rc1 Rad8 15. Qc2 dxc4 16. bxc4 Nb4 17. Qb3 Be8 18. Ndf3 h6 19. a3 Nc6 20. Qe3 Na5 21. Bd3 Ba4 22. Bc3 Nb3 23. Rc2 b5 24. Bb4 Bxb4 25. axb4 Qb6 26. Ra2 Nxd4 27. Nxd4 Rxd4 28. c5 Qd8 29. Rd2 Rd5 30. Ra1 Qc7 31. Rc1 Rfd8 32. c6 R5d6 33. h3 Nd5 34. Qe4 g6 35. Rb2 Nf6 36. Qe3 Rd4 37. Rc5 a6 38. g3 h5 39. Kg2 Kg7 40. Rc1 R4d6 41. Be4 Nxe4 42. Qxe4 Rd4 43. Qe3 R8d6 44. Qc3 f6 45. Nd7 a5 0-1

[Event "FICGS rapid B 000193 email"]
[Site "FICGS email"]
[Date "2012.03.01"]
[Round "1"]
[White "Benone, Mateia"]
[Black "Simonnet, Franck"]
[Result "0-1"]
[WhiteElo "1800"]
[BlackElo "1714"]
[PlyCount "42"]
[EventDate "2012.??.??"]
[EventType "tourn (rapid)"]
[EventRounds "6"]
[SourceTitle "Corr 2022"]
[Source "ChessBase"]
[SourceDate "2021.10.24"]
[SourceVersion "1"]
[SourceVersionDate "2021.10.24"]
[SourceQuality "1"]

1. Nf3 f5 2. d4 Nf6 3. g3 e6 4. d5 Nxd5 5. Bg2 Be7 6. 0-0 0-0 7. c4 Nf6 8. Nc3 d6 9. Qb3 Nbd7 10. Bg5 Nc5 11. Qc2 e5 12. e4 Nfxe4 13. Bxe7 Qxe7 14. Nd5 Qf7 15. b4 Na6 16. a3 c6 17. Nc3 Qxc4 18. Rac1 Nxc3 19. Qxc3 Qxc3 20. Rxc3 Nc7 21. Rd1 Nd5 0-1

[Event "FICGS rapid C 000101 email"]
[Site "FICGS email"]
[Date "2011.09.07"]
[Round "1"]
[White "Simonnet, Franck"]
[Black "Alvar, Juan"]
[Result "1-0"]
[WhiteElo "1683"]
[BlackElo "1633"]
[PlyCount "35"]
[EventDate "2011.??.??"]
[EventType "tourn (rapid)"]
[EventRounds "6"]
[SourceTitle "Corr 2022"]
[Source "ChessBase"]
[SourceDate "2021.10.24"]
[SourceVersion "1"]
[SourceVersionDate "2021.10.24"]
[SourceQuality "1"]

1. d4 Nf6 2. c4 g6 3. Nc3 Bg7 4. Nf3 0-0 5. e4 d6 6. Be2 Nbd7 7. 0-0 e5 8. d5 h6 9. Qc2 Nh5 10. Rb1 Nf4 11. Bxf4 exf4 12. Qd2 g5 13. Nd4 Ne5 14. Nf3 Nxf3+ 15. Bxf3 g4 16. Bd1 Be5 17. f3 h5 18. Ne2 1-0

[Event "FICGS rapid C 000099 email"]
[Site "FICGS email"]
[Date "2011.06.21"]
[Round "1"]
[White "Rogers, Michael"]
[Black "Simonnet, Franck"]
[Result "1-0"]
[WhiteElo "1678"]
[BlackElo "1668"]
[PlyCount "43"]
[EventDate "2011.??.??"]
[EventType "tourn (rapid)"]
[EventRounds "6"]
[SourceTitle "Corr 2022"]
[Source "ChessBase"]
[SourceDate "2021.10.24"]
[SourceVersion "1"]
[SourceVersionDate "2021.10.24"]
[SourceQuality "1"]

1. e4 c5 2. Nf3 d6 3. d4 cxd4 4. Nxd4 Nf6 5. Nc3 a6 6. Be3 e5 7. Nb3 b5 8. a4 bxa4 9. Nxa4 Nbd7 10. Bc4 Bb7 11. Nc3 Nxe4 12. Qf3 Ndf6 13. Na5 Qc8 14. Nxb7 Nxc3 15. bxc3 d5 16. Rxa6 Rxa6 17. Bb5+ Ke7 18. Bc5+ Qxc5 19. Nxc5 Ra1+ 20. Ke2 Rxh1 21. Qf5 Kd6 22. Qc8 1-0

[Event "FICGS rapid C 000093 email"]
[Site "FICGS email"]
[Date "2010.10.04"]
[Round "1"]
[White "Simonnet, Franck"]
[Black "Price, Eric A Sr"]
[Result "1-0"]
[WhiteElo "1641"]
[BlackElo "1593"]
[PlyCount "39"]
[EventDate "2010.??.??"]
[EventType "tourn (rapid)"]
[EventRounds "5"]
[SourceTitle "Corr 2022"]
[Source "ChessBase"]
[SourceDate "2021.10.24"]
[SourceVersion "1"]
[SourceVersionDate "2021.10.24"]
[SourceQuality "1"]

1. d4 Nf6 2. c4 e6 3. Nc3 Bb4 4. Qc2 0-0 5. a3 Bxc3+ 6. Qxc3 b6 7. Bg5 Bb7 8. f3 d6 9. e4 h6 10. Bh4 Nbd7 11. e5 dxe5 12. dxe5 g5 13. Bf2 Ne8 14. 0-0-0 Qe7 15. h4 Rd8 16. hxg5 Qxg5+ 17. Be3 Qxe5 18. Qxe5 Nxe5 19. Rxd8 Nd6 20. Rxf8+ 1-0

[Event "FICGS rapid C 000093 email"]
[Site "FICGS email"]
[Date "2010.10.04"]
[Round "1"]
[White "Von Buttlar, Paul"]
[Black "Simonnet, Franck"]
[Result "1-0"]
[WhiteElo "1683"]
[BlackElo "1641"]
[PlyCount "113"]
[EventDate "2010.??.??"]
[EventType "tourn (rapid)"]
[EventRounds "5"]
[SourceTitle "Corr 2022"]
[Source "ChessBase"]
[SourceDate "2021.10.24"]
[SourceVersion "1"]
[SourceVersionDate "2021.10.24"]
[SourceQuality "1"]

1. c4 e5 2. Nc3 Nf6 3. Nf3 Nc6 4. e3 Bb4 5. Qc2 0-0 6. d3 d5 7. cxd5 Nxd5 8. Be2 Be6 9. 0-0 f5 10. Bd2 Qe7 11. a3 Bd6 12. Nb5 a6 13. Nxd6 cxd6 14. Rac1 Rac8 15. Qb1 Qf6 16. b4 b5 17. h3 Qg6 18. Nh4 Qh6 19. Nf3 Rc7 20. h4 Nde7 21. Bd1 Rfc8 22. Ng5 Bd5 23. Bb3 Bxb3 24. Qxb3+ d5 25. Rc5 Na5 26. Qb2 Rxc5 27. bxc5 Nac6 28. f4 Qxh4 29. Nf3 Qg4 30. Nxe5 Qe2 31. Re1 Qh5 32. Nf3 Qg6 33. Rc1 Qe6 34. Ng5 Qg6 35. Kf2 h6 36. Nf3 Qh5 37. Qa1 Qf7 38. Qa2 Ng6 39. Rb1 Re8 40. a4 b4 41. Bxb4 Rxe3 42. Bd2 Re6 43. Rb6 Kh7 44. a5 Nf8 45. d4 Nd7 46. Ne5 Ncxe5 47. fxe5 Nxb6 48. axb6 Qb7 49. Qc2 g6 50. Qc1 h5 51. Bg5 Qd7 52. Qb2 Re8 53. Qa2 Qb7 54. Qe2 Re6 55. Bd8 Qd7 56. Bc7 Qe7 57. Kf1 1-0

[Event "FICGS rapid C 000090 email"]
[Site "FICGS email"]
[Date "2010.07.05"]
[Round "1"]
[White "Giandomenico, Pierino"]
[Black "Simonnet, Franck"]
[Result "0-1"]
[WhiteElo "1424"]
[BlackElo "1558"]
[PlyCount "30"]
[EventDate "2010.??.??"]
[EventType "tourn (rapid)"]
[EventRounds "5"]
[SourceTitle "Corr 2022"]
[Source "ChessBase"]
[SourceDate "2021.10.24"]
[SourceVersion "1"]
[SourceVersionDate "2021.10.24"]
[SourceQuality "1"]

1. d4 Nf6 2. Nc3 d5 3. Nf3 e6 4. e3 c5 5. dxc5 Bxc5 6. Be2 Bd7 7. Bd2 0-0 8. 0-0 Nc6 9. Nh4 e5 10. f4 exf4 11. Nf3 fxe3 12. Be1 Bf5 13. Bg3 d4 14. Na4 Bd6 15. Bxd6 Qxd6 0-1

[Event "FICGS rapid C 000090 email"]
[Site "FICGS email"]
[Date "2010.07.05"]
[Round "1"]
[White "Simonnet, Franck"]
[Black "Tuluoglu, Utku"]
[Result "1-0"]
[WhiteElo "1558"]
[BlackElo "1626"]
[PlyCount "53"]
[EventDate "2010.??.??"]
[EventType "tourn (rapid)"]
[EventRounds "5"]
[SourceTitle "Corr 2022"]
[Source "ChessBase"]
[SourceDate "2021.10.24"]
[SourceVersion "1"]
[SourceVersionDate "2021.10.24"]
[SourceQuality "1"]

1. d4 f5 2. c4 Nf6 3. g3 d5 4. Bg2 e6 5. Nc3 c6 6. Nf3 Be7 7. 0-0 0-0 8. b3 b6 9. Qc2 Ba6 10. Bf4 dxc4 11. bxc4 Bxc4 12. Bxb8 Rxb8 13. Ne5 Qxd4 14. Nxc6 Qc5 15. Na4 Qb5 16. Nxe7+ Kf7 17. Nc6 Bxe2 18. Nd4 Qc4 19. Qxe2 Qxd4 20. Nb2 Rbc8 21. Rad1 Qc3 22. Nd3 Rfe8 23. Rfe1 g6 24. Rc1 Qa3 25. Rxc8 Rxc8 26. Qxe6+ Kg7 27. Qxc8 1-0

[Event "FICGS rapid D 000036 email"]
[Site "FICGS email"]
[Date "2010.03.02"]
[Round "1"]
[White "Kehayov, Yulian"]
[Black "Simonnet, Franck"]
[Result "0-1"]
[WhiteElo "1300"]
[BlackElo "1495"]
[PlyCount "52"]
[EventDate "2010.??.??"]
[EventType "tourn (rapid)"]
[EventRounds "6"]
[SourceTitle "Corr 2022"]
[Source "ChessBase"]
[SourceDate "2021.10.24"]
[SourceVersion "1"]
[SourceVersionDate "2021.10.24"]
[SourceQuality "1"]

1. e4 e5 2. d4 exd4 3. Qxd4 Nc6 4. Qd1 Nf6 5. Bd3 Be7 6. Nf3 0-0 7. 0-0 d6 8. Nc3 Ne5 9. Be2 b6 10. Nd5 Bb7 11. Nxf6+ Bxf6 12. Nxe5 dxe5 13. Bf3 c5 14. Be3 Qe7 15. b3 Rad8 16. Qe2 Bg5 17. Bxg5 Qxg5 18. c4 Qd2 19. Qxd2 Rxd2 20. Rfd1 Rfd8 21. Rxd2 Rxd2 22. h3 f5 23. exf5 Bxf3 24. gxf3 Kf7 25. Kg2 Kf6 26. Kg3 Kxf5 0-1

[Event "FICGS rapid D 000036 email"]
[Site "FICGS email"]
[Date "2010.03.02"]
[Round "1"]
[White "Simonnet, Franck"]
[Black "Cridland, Graham M"]
[Result "1/2-1/2"]
[WhiteElo "1495"]
[BlackElo "1470"]
[PlyCount "45"]
[EventDate "2010.??.??"]
[EventType "tourn (rapid)"]
[EventRounds "6"]
[SourceTitle "Corr 2022"]
[Source "ChessBase"]
[SourceDate "2021.10.24"]
[SourceVersion "1"]
[SourceVersionDate "2021.10.24"]
[SourceQuality "1"]

1. d4 Nf6 2. c4 e6 3. Nc3 Bb4 4. a3 Bxc3+ 5. bxc3 c5 6. e3 d6 7. Nf3 0-0 8. Bd3 Nc6 9. 0-0 e5 10. d5 Na5 11. e4 Ne8 12. Bg5 Qc7 13. Nh4 g6 14. f4 b6 15. fxe5 dxe5 16. Qf3 Ba6 17. Bh6 Ng7 18. g4 Bxc4 19. Bxc4 Nxc4 20. Qf6 Ne8 21. Qf2 Ng7 22. Qf6 Ne8 23. Qf2 1/2-1/2